02490nam a2200421 i 450000100060000000300080000600500170001400600190003100700150005000800410006502000180010602000280012403500220015204000310017404300210020505000230022608200190024924501200026825000230038826400530041130000660046433600310053033700330056133800430059449000320063750400420066950509140071158800830162565000390170865000310174765000360177865000440181465500270185870000500188570000370193583000330197285600630200524177FINmELB20241216214139.0m o u cr cn|||||||||220125s2013 mx a g b 000 0 spa d z9786074623949 a9786074624854q(e-book) a(OCoLC)1298601760 aFINmELBbspaerdacFINmELB ae-sp---acl----- 4aHX850.5bC858 201304a335.83094622300aCultura y política del anarquismo en España e Iberoamérica /cClara E. Lida, Pablo Yankelevich, compiladores. aPrimera edición. 1aMéxico, D.F. :bEl Colegio de México,c2013. a1 recurso en línea (328 páginas) :bilustraciones, tablas atextobtxt2rdacontent/spa acomputadorabc2rdamedia/spa arecurso en líneabcr2rdacarrier/spa1 aColección "Ambas orillas" aIncluye referencias bibliográficas.00tRituales, símbolos y valores en el anarquismo español, 1870-1910 /rManuel Morales Muñoz --tOrganización, cultura prácticas políticas del anarquismo español en la clandestinidad, 1873-1881 /rClara E. Lida --tUna historia contada de otra manera : librepensamiento y "darwinismos" anarquistas en Barcelona, 1869-1910 /rÁlvaro Girón Sierra --tLas prácticas culturales del anarquismo argentino /rJuan Suriano --tEl anarquismo y la cultura de las clases y minorías subalternas en el Perú /rRicardo Melgar Bao --tSociabilidad anarquista y configuración de la identidad obrera en Cuba tras la Independencia /rAmparo Sánchez Cobos --tResistencia cultural anarquista : poesía, canto y dramaturgia en Chile, 1895-1918 /rSergio Grez Toso --tAcerca del militante anarquista : sensibilidad, cultura y ética política : São Paulo y Río de Janeiro, 1890-1920 /rJacy Seixas. aDescripción basada en metadatos suministrados por el editor y otras fuentes. 0aAnarchismzLatin AmericaxHistory. 0aAnarchismzSpainxHistory. 4aAnarquismozEspañaxHistoria. 4aAnarquismozAmérica LatinaxHistoria. 4aLibros electrónicos.1 aLida, Clara E.q(Clara Eugenia),ecompilador.1 aYankelevich, Pablo,ecompilador. 0aColección "Ambas orillas".40uhttps://elibro.net/ereader/politecnicointernacional/193679